[Event "Angers op 1st"]
[Site "Angers"]
[Date "2006.05.08"]
[Round "5"]
[White "Templier, Benoit"]
[Black "Daligault, Mickael"]
[Result "1/2-1/2"]
[WhiteElo "1620"]
[BlackElo "1390"]
[PlyCount "86"]
[EventDate "2006.05.06"]
[EventType "swiss"]
[EventRounds "6"]
[EventCountry "FRA"]
[SourceTitle "EXT 2007"]
[Source "ChessBase"]
[SourceDate "2006.11.23"]
[SourceVersion "1"]
[SourceVersionDate "2006.11.23"]
[SourceQuality "1"]

1. c4 c5 2. Nf3 Nf6 3. d4 cxd4 4. Nxd4 g6 5. Nc3 Bg7 6. e3 0-0 7. Be2 d6 8. 0-0 a6 9. Bf3 Nbd7 10. Qc2 Ne5 11. Be2 b6 12. f4 Ned7 13. Bf3 d5 14. cxd5 Bb7 15. Rd1 Rc8 16. Nc6 Qe8 17. Qd2 b5 18. Rb1 Nb6 19. b3 Nbxd5 20. Nxe7+ Qxe7 21. Nxd5 Nxd5 22. Bxd5 Rcd8 23. e4 Rd7 24. Bb2 Bxb2 25. Qxb2 Rfd8 26. Qc2 Bxd5 27. exd5 Qe3+ 28. Qf2 Qxf2+ 29. Kxf2 Rxd5 30. Rxd5 Rxd5 31. Rb2 Kg7 32. Ke3 f5 33. Rc2 Rd6 34. Rc5 Kf6 35. h4 h5 36. Rc7 Re6+ 37. Kf3 Re1 38. Rc6+ Re6 39. Rxe6+ Kxe6 40. Ke3 Kd5 41. Kd3 b4 42. Ke3 Kc5 43. Kd3 Kd5 1/2-1/2